Rectificación de nombre para una "Helix" española (H. Huidobroi Azp.) y revisión de las especies que tienen mayor afinidad con ella / (Record no. 174356)
[ view plain ]
| 000 -LEADER | |
|---|---|
| campo de control de longitud fija | 01060namaa22002291 4500 |
| 001 - NÚMERO DE CONTROL | |
| campo de control | 174356 |
| 003 - IDENTIFICADOR DE NÚMERO DE CONTROL | |
| campo de control | ES-MaACL |
| 005 - FECHA Y HORA DE LA ÚLTIMA TRANSACCIÓN | |
| campo de control | 20250815105712.0 |
| 008 - DATOS DE LONGITUD FIJA--INFORMACIÓN GENERAL | |
| campo de control de longitud fija | 100406s1925 sp r |||| | spa d |
| 080 ## - NÚMERO DE LA CLASIFICACIÓN DECIMAL UNIVERSAL | |
| Número de la Clasificación Decimal Universal | 594(46):801.3 |
| 080 ## - NÚMERO DE LA CLASIFICACIÓN DECIMAL UNIVERSAL | |
| Número de la Clasificación Decimal Universal | 801.3:594(46) |
| 100 1# - ENTRADA PRINCIPAL--NOMBRE DE PERSONA | |
| Nombre de persona | Azpeitia Moros, Florentino. |
| 9 (RLIN) | 24347 |
| 245 10 - MENCIÓN DEL TÍTULO | |
| Título | Rectificación de nombre para una "Helix" española (H. Huidobroi Azp.) y revisión de las especies que tienen mayor afinidad con ella / |
| Mención de responsabilidad, etc. | por Florentino Azpeitia Moros. |
| 260 ## - PUBLICACIÓN, DISTRIBUCIÓN, ETC. | |
| Lugar de publicación, distribución, etc. | Madrid : |
| Nombre del editor, distribuidor, etc. | Junta para la Ampliación de Estudios e Investigaciones Científicas, |
| Fecha de publicación, distribución, etc. | 1925. |
| 300 ## - DESCRIPCIÓN FÍSICA | |
| Extensión | 37 p. : |
| Otras características físicas | il. ; |
| Dimensiones | 24 cm. |
| 490 1# - MENCIÓN DE SERIE | |
| Mención de serie | Trabajos del Museo Nacional de Ciencias Naturales. Serie Zoológica ; |
| Designación de volumen o secuencia | v. 51 |
| 650 #4 - PUNTO DE ACCESO ADICIONAL DE MATERIA--TÉRMINO DE MATERIA | |
| Término de materia o nombre geográfico como elemento de entrada | Moluscos- |
| Subdivisión general | Nombres vulgares- |
| Subdivisión geográfica | España. |
| 9 (RLIN) | 142462 |
| 710 2# - ENTRADA AGREGADA--NOMBRE DE ENTIDAD CORPORATIVA | |
| Nombre de entidad corporativa o nombre de jurisdicción como elemento de entrada | Junta para la Ampliación de Estudios e Investigaciones Científicas. |
| 9 (RLIN) | 5413 |
| 830 00 - PUNTO DE ACCESO ADICIONAL DE SERIE-TÍTULO UNIFORME | |
| Título uniforme | Trabajos del Museo Nacional de Ciencias Naturales. |
| Nombre de parte o sección de la obra | Serie zoológica |
| Designación de volumen o secuencia | v. 51 |
| 9 (RLIN) | 189348 |
| 852 ## - LOCALIZACIÓN | |
| Ubicación | ES-MaACL |
| Número de control de estantería | B-13154(2) |
| Nota libre | .- Rúst. |
| Estatus retirado | Estado de pérdida | Estado de daño | No para préstamo | Biblioteca de origen | Biblioteca actual | Ubicación en estantería | Fecha de adquisición | Fuente de adquisición | Total de préstamos | Signatura topográfica completa | Código de barras | Visto por última vez | Precio de reemplazo | Tipo de ítem Koha |
|---|---|---|---|---|---|---|---|---|---|---|---|---|---|---|
| Biblioteca del Ateneo de Madrid | Biblioteca del Ateneo de Madrid | Sala Pardo Bazán | 07/04/2010 | B-13154(2) | 1183012 | 23/02/2023 | 23/02/2023 | Libro impreso |
